Die teuersten Fußballtransfers - Torwarte - Saison 2012-2013 - Statistiken

Allgemein
  • Dieses Quiz wurde 13 mal gespielt
  • Das Durchschnittsergebnis liegt bei 2 aus 10
Antwortstatistiken
Ablöse (M €) Nationalität Abgebender Verein Aufnehmender Verein Spieler % Korrekt
12,60 Frankreich Olympique Lyon Tottenham Hugo Lloris
100%
15,00 Slowenien Udinese Calcio Inter Mailand Samir Handanovic
90%
5,00 England Birmingham City West Brom Ben Foster
20%
3,50 Spanien FC Villarreal FC Sevilla Diego López
10%
3,50 Spanien FC Sevilla Real Madrid Diego López
10%
3,40 Italien AC Siena Parma Alessandro Iacobucci
0%
3,80 England Birmingham City Stoke City Jack Butland
0%
3,80 Italien Brescia Juventus Turin Nicola Leali
0%
3,15 Argentinien FC Gillingham Southampton Paulo Gazzaniga
0%
3,00 Brasilien Grêmio Atlético Mineiro Victor
0%
Keine übereinstimmenden Quizze gefunden
Verteilung der Resultate
Anzahl Personen mit jedem Resultat
Perzentil nach korrekt beantworteten Fragen
Ihre Resultats-Entwicklung
Sie haben dieses Quiz noch nicht gespielt